|
|
|
|
| LEADER |
00000nam a2200000 a 4500 |
| 001 |
vtls001084398 |
| 003 |
SK-MaSNL |
| 005 |
20260302023915.0 |
| 008 |
250414s1987 xo 0 slo |
| 015 |
|
|
|a SNBA1987/06
|
| 020 |
|
|
|q (brož.)
|
| 035 |
|
|
|a SNK000027236
|
| 040 |
|
|
|a SNK
|b slo
|c SNK
|e AACR2
|
| 041 |
0 |
|
|a slo
|
| 044 |
|
|
|a xo
|c SK
|
| 080 |
|
|
|a 808.54(075.4)
|2 1981
|
| 100 |
1 |
|
|a Barková, Viera
|4 aut
|9 42724
|
| 245 |
1 |
0 |
|a Domáce úlohy k učebnici Slovenčina pre cudzincov. 1. časť
|c Viera Barková
|
| 250 |
|
|
|a 5. vyd.
|
| 260 |
|
|
|a Bratislava
|b Slovenské pedagogické nakladateľstvo
|c 1987
|e Nitra
|f Nitrianske tlačiarne
|
| 300 |
|
|
|a 29 s., 1,41 AH
|c 29 cm
|
| 366 |
|
|
|e 16000 výtl.
|
| 852 |
|
|
|a Slovenská národná knižnica
|
| 958 |
|
|
|a BQ
|
| 958 |
|
|
|a TL
|
| 958 |
|
|
|a OND
|
| 999 |
|
|
|c 1038413
|d 1040343
|
| 952 |
|
|
|a SNK
|b SNK
|y PREZ
|7 0
|p 17A0823530
|o snkSB 41618/1
|0 0
|1 0
|4 0
|d 2012-05-13
|f 1
|l 0
|r 2025-04-30 00:00:00
|w 2026-02-24
|
| 952 |
|
|
|t P60, <04>, [BOOK], {604}
|a SNK
|b SNK
|y VYP
|7 0
|p 17A0157863
|o snkSB 41618/1 D1
|0 0
|1 0
|4 0
|d 1998-10-31
|l 0
|r 2004-12-31 00:00:00
|w 2026-02-24
|